| 000 | 00000nam 2200000zi 4500 |
| 001 | 9.900747 |
| 003 | CaOODSP |
| 005 | 20250218144940 |
| 006 | m o d f |
| 007 | cr cn||||||||| |
| 008 | 210614t20212021oncao o f000 0 fre d |
| 020 | |a9780660392271 |
| 040 | |aCaOODSP|bfre|erda|cCaOODSP |
| 043 | |an-cn--- |
| 086 | 1 |aPH4-188/2021F-PDF |
| 245 | 02|aL'avenir de la création de sens : |bexaminer les changements dans les façons de penser, d'agir et de se comporter. |
| 246 | 1 |iEn tête du titre : |aAvenirs sociaux |
| 246 | 17|aL'avenir de la création de sens |
| 264 | 1|a[Ottawa] : |bHorizons de politiques Canada = Policy Horizons Canada, |c[2021] |
| 264 | 4|c©2021 |
| 300 | |a1 ressource en ligne (29 pages) : |billustrations, photographies |
| 336 | |atext|btxt|2rdacontent |
| 337 | |ainformatique|bc|2rdamedia |
| 338 | |aressource en ligne|bcr|2rdacarrier |
| 500 | |aPublié aussi en anglais sous le titre : The future of sense-making : examining changes to the ways we think, act, and behave. |
| 500 | |aPublié aussi en format HTML. |
| 650 | 6|aComportement dans la recherche de l'information|zCanada. |
| 650 | 6|aDésinformation|xAspect social|zCanada. |
| 650 | 6|aPandémie de COVID-19, 2020-2023|xAspect social|zCanada. |
| 710 | 2 |aHorizons de politiques Canada, |eorganisme de publication. |
| 775 | 08|tThe future of sense-making : |w(CaOODSP)9.900746 |
| 794 | |tCréation de sens : |w(CaOODSP)9.929196 |
| 856 | 40|qPDF|s723 Ko|uhttps://publications.gc.ca/collections/collection_2021/hpc-phc/PH4-188-2021-fra.pdf |
| 856 | 4 |qHTML|sS.O.|uhttps://horizons.gc.ca/fr/2021/05/29/lavenir-de-la-creation-de-sens/ |